000 00691nam a2200229 i 4500
001 31094
003 ES-MaACL
005 20240602063025.0
007 t|
008 030128s1979 sp ||||1| spa d
100 1 _aBellver, C. G.
_927286
245 1 3 _aEl mundo poético de Juan José Domenchina /
_cC. G. Bellver.
260 _aMadrid :
_bEditora Nacional,
_c[1979]
300 _a350 p. ;
_c18 cm.
490 1 _aAlfar. Colección de Poesía ;
_v36
504 _aBibliografia: p. 327-350.
600 1 4 _aDomenchina, Juan José,
_d1898-1959
_945067
830 0 0 _aAlfar ;
_v36
_9236764
852 _aES-MaACL
_jA-10483
_bR.99666
942 _2udc
999 _c31094
_d31094